Teaching Aldult Second Language Learners

Na minha lista:
Detalhes bibliográficos
Autor principal: McKay, Heather
Formato: Livro
Idioma:Undetermined
Publicado em: Cambridge Cambridge University Press 2003
Assuntos:
Tags: Adicionar Tag
Sem tags, seja o primeiro a adicionar uma tag!
Thư viện lưu trữ: Trung tâm Học liệu Trường Đại học Cần Thơ
LEADER 00564nam a2200193Ia 4500
001 CTU_64956
008 210402s9999 xx 000 0 und d
020 |c 289000 
082 |a 428.0071 
082 |b M478 
100 |a McKay, Heather 
245 0 |a Teaching Aldult Second Language Learners 
260 |a Cambridge 
260 |b Cambridge University Press 
260 |c 2003 
650 |a Language and languages,Second language acquisition 
650 |x Study and teahing 
904 |i TUYẾN,Hải 
980 |a Trung tâm Học liệu Trường Đại học Cần Thơ